[Event "Portoroz op"]
[Site "Portoroz"]
[Date "2003.04.29"]
[Round "4"]
[White "Bizjak, Janez"]
[Black "Stanic, Uros"]
[Result "1-0"]
[WhiteElo "1639"]
[BlackElo "1500"]
[PlyCount "73"]
[EventDate "2003.04.??"]
[EventType "swiss"]
[EventRounds "9"]
[EventCountry "SLO"]
[SourceTitle "EXT 2005"]
[Source "ChessBase"]
[SourceDate "2004.11.15"]
[SourceVersion "1"]
[SourceVersionDate "2004.11.15"]
[SourceQuality "1"]

1. d4 Nf6 2. c4 g6 3. Nc3 Bg7 4. e4 d6 5. h3 0-0 6. Bd3 Nc6 7. Nge2 e5 8. d5 Ne7 9. 0-0 Ne8 10. Be3 f5 11. f4 fxe4 12. Bxe4 Nf5 13. Bd2 Nf6 14. Bc2 Re8 15. fxe5 dxe5 16. Ne4 Nxe4 17. Bxe4 Qh4 18. Qc2 Nd4 19. Nxd4 exd4 20. Rf4 Qg3 21. Rf3 Qh4 22. Rf4 Qg3 23. Rf3 Qh4 24. Bd3 Bd7 25. Raf1 Rf8 26. Bb4 Rxf3 27. Rxf3 a5 28. Bd2 b6 29. Qc1 Re8 30. Bf1 Qe7 31. b3 Rf8 32. Qd1 Rxf3 33. Qxf3 Qa3 34. Bf4 Qxa2 35. Bxc7 Bf5 36. d6 Be5 37. Qd5+ 1-0

[Event "Portoroz op"]
[Site "Portoroz"]
[Date "2003.04.26"]
[Round "2"]
[White "Cokan, Mirko"]
[Black "Stanic, Uros"]
[Result "1/2-1/2"]
[WhiteElo "1723"]
[BlackElo "1500"]
[PlyCount "123"]
[EventDate "2003.04.??"]
[EventType "swiss"]
[EventRounds "9"]
[EventCountry "SLO"]
[SourceTitle "EXT 2005"]
[Source "ChessBase"]
[SourceDate "2004.11.15"]
[SourceVersion "1"]
[SourceVersionDate "2004.11.15"]
[SourceQuality "1"]

1. e4 e5 2. Bc4 Nf6 3. d4 Nxe4 4. dxe5 Nc5 5. Be3 Ne6 6. Nd2 d5 7. exd6 Bxd6 8. Ne2 0-0 9. 0-0 Nc6 10. c3 Ne5 11. Qb3 Ng4 12. Nf3 c5 13. Rad1 Qc7 14. h3 Nf6 15. Rfe1 Bd7 16. Ng5 Rae8 17. Bd3 Nxg5 18. Bxg5 Ne4 19. Be3 b5 20. Bb1 c4 21. Qc2 Re6 22. Nd4 Rg6 23. Kf1 Nc5 24. Qd2 Nd3 25. Bxd3 cxd3 26. Qxd3 Qb7 27. f3 b4 28. c4 Qc8 29. g4 f5 30. Ke2 f4 31. Bf2 b3 32. Nxb3 Bb4 33. Nd2 Re6+ 34. Kf1 Rfe8 35. Rxe6 Bxe6 36. b3 h5 37. Ne4 Qc6 38. Ng5 hxg4 39. Qh7+ Kf8 40. Qh8+ Bg8 41. Bd4 Qh6 42. Bxg7+ Qxg7 43. Qxg7+ Kxg7 44. hxg4 Re3 45. Kg2 Re2+ 46. Kf1 Rxa2 47. Nh3 a5 48. Nxf4 Bh7 49. Ne6+ Kf6 50. Nd4 Ke5 51. Nf5 Bxf5 52. Rd5+ Kf6 53. Rxf5+ Kg6 54. Rd5 Ra3 55. f4 Rxb3 56. Rg5+ Kf6 57. Rf5+ Ke6 58. Re5+ Kd6 59. Ke2 Rc3 60. Rd5+ Kc6 61. Rd8 Kc7 62. Rd4 1/2-1/2